00538 a2200169 450000500170000001000150001702000310003203500140006303700160007708200150009310000180010824500790012625000090020526000520021427000800026630000220034620211215112530.0 aENG-130315 c1150.00a978-93-81345-55-9 aEN-113847 bDBAD / PUB a305.420954 aPan, Anandita aMapping Dalit Feminism Towards an intersectional Standpoint:cAnandita Pan a2021 bSage Publication India Pvt Ltdc2021aNew Delhi aB-1/i-i, Mohan Cooperative Industrial Area, Mathura RoadbNew Delhie110044 a265p.c22cm (hbk)